000 00813nam a2200217 i 4500
001 147863
003 ES-MaACL
005 20230906202307.0
007 t|
008 071008s1964 gt ||||1| spa d
080 _a341.222(728.1:72)
245 1 0 _aMemoria sobre la cuestión de límites entre Guatemala y México :
_bpresentada al señor ministro de Relaciones Exteriores por el jefe de la Comisión Guatemalteca, 1900.
260 _aGuatemala :
_bCentro Editorial José de Pineda Ibarra,
_c1964.
300 _a352 p. ;
_c2 cm.
500 _aApéndice documental.
651 4 _aGuatemala-
_xFronteras-
_zMéxico.
_9173837
651 4 _aMéxico-
_xFronteras-
_zGuatemala.
_9173838
710 2 _aCentro Editorial José de Pineda Ibarra.
_9173839
852 4 _aES-MaACL
_jC-30182
852 4 _aES-MaACL
_jC-30186
999 _c147863
_d147863